| 000 | 00337nam a2200121Ia 4500 | ||
|---|---|---|---|
| 008 | 231129s1982||||xx |||||||||||||| ||spa|| | ||
| 082 | _aHAJ- 0180 | ||
| 100 | _aConsuegra Higgins José | ||
| 245 | 0 | _aEl control de la natalidad como arma del imperialismo | |
| 260 | _c1982 | ||
| 264 | _aBogotá: Plaza & Janés 1982 | ||
| 942 |
_2ddc _cBKS |
||
| 999 |
_c10672 _d10672 |
||